| 000 | 00746nam a22001697a 4500 | ||
|---|---|---|---|
| 020 | _a9789698535155 (HBK) | ||
| 082 |
_a297.577 _bAHM |
||
| 100 | _aAssal, Ahmed El. | ||
| 245 |
_aIslam ka khandani nizam / _bAhmed Al Assal, translated by Amjad Ali Bhatti |
||
| 260 |
_aIslamabad: _bNational University of Sciences and Technology, _c2015. |
||
| 300 | _a452 p. | ||
| 650 |
_aIslam- Family System _993058 |
||
| 880 |
_6100-01\r _aاحمد العسال |
||
| 880 |
_6245-02\r _aاسلام کا خاندانی نظام/ _bاحمد العسال مترجم امجد علی بھٹی |
||
| 880 |
_6260-03\r _aاسلام آباد: _bنیشنل یونیورسٹی سائنس اینڈ ٹیکنالوجی اسلام آباد، _c2015 |
||
| 942 |
_2ddc _cBK |
||
| 999 |
_c590277 _d590277 |
||